All 2000's Disney Movies (HARD!) - Statistics

General Stats
  • This quiz has been taken 59 times
  • The average score is 7 of 11
Answer Stats
Year Disney Animated Movie Director Animation % Correct
2009 The Princess and the Frog John Musker Ron Clements 2D
79%
2002 Lilo and Stitch Chris Sanders Dean DeBlois 2D
71%
2008 Bolt Chris Williams Byron Howard 3D
69%
2000 Dinosaur Ralph Zondag Eric Leighton 3D and 2D
69%
2000 The Emperor's New Groove Mark Dindal 2D
69%
2002 Treasure Planet John Musker Ron Clements 3D and 2D
69%
2001 Atlantis: The Lost Empire Gary Trousdale Kirk Wise 2D
67%
2003 Brother Bear Aaron Blaise Robert Walker 2D
65%
2005 Chicken Little Mark Dindal 3D
63%
2007 Meet the Robinsons Stephen J. Anderson 3D
63%
2004 Home on the Range Will Finn John Sanford 2D
62%
No matching quizzes found
Score Distribution
Percent of People with Each Score
Percentile by Number Answered
Your Score History
You have not taken this quiz